Environmental analytical chemistry ed by F W Fifield and P J Haines (Record no. 1212368)

MARC details
000 -LEADER
fixed length control field 01009nam a2200301Ia 4500
003 - CONTROL NUMBER IDENTIFIER
control field OSt
005 - DATE AND TIME OF LATEST TRANSACTION
control field 20221007123719.0
008 - FIXED-LENGTH DATA ELEMENTS--GENERAL INFORMATION
fixed length control field 221006b |||||||| |||| 00| 0 eng d
020 ## - INTERNATIONAL STANDARD BOOK NUMBER
International Standard Book Number 0632053836 (pbk)
037 ## - SOURCE OF ACQUISITION
Terms of availability Textual
040 ## - CATALOGING SOURCE
Original cataloging agency CDL
Transcribing agency CDL
Language of cataloging eng
041 ## - LANGUAGE CODE
Source of code eng
Language code of text/sound track or separate title eng
100 ## - MAIN ENTRY--PERSONAL NAME
Personal name Fifield F W Ed.
9 (RLIN) 717668
245 #0 - TITLE STATEMENT
Title Environmental analytical chemistry ed by F W Fifield and P J Haines
Remainder of title Haines P J
250 ## - EDITION STATEMENT
Edition statement Ed 2
260 ## - PUBLICATION, DISTRIBUTION, ETC.
Place of publication, distribution, etc. Oxford
Name of publisher, distributor, etc. BlackWell Science
Date of publication, distribution, etc. 2000
300 ## - PHYSICAL DESCRIPTION
Extent xviii,490p
Dimensions cm.
500 ## - GENERAL NOTE
General note Includes bibliographical references; Glossary 471-479p; Index 480-490p
650 ## - SUBJECT ADDED ENTRY--TOPICAL TERM
Topical term or geographic name entry element Analytical Environmental Chemistry
9 (RLIN) 717669
650 ## - SUBJECT ADDED ENTRY--TOPICAL TERM
Topical term or geographic name entry element Analytical Chemistry irt Environmental Science
9 (RLIN) 717670
700 ## - ADDED ENTRY--PERSONAL NAME
Personal name Haines P J
9 (RLIN) 717671
942 ## - ADDED ENTRY ELEMENTS (KOHA)
Classification part E:30aG:55, P0
Koha item type Textual
Source of classification or shelving scheme Colon Classification (CC)
Holdings
Withdrawn status Lost status Source of classification or shelving scheme Damaged status Not for loan Home library Current library Date acquired Source of acquisition Total Checkouts Full call number Barcode Date last seen Price effective from Koha item type
    Colon Classification (CC)     Department of Chemistry Library Department of Chemistry Library 2022-10-07 Overseas,   E:30aG:55 P0 CD0006451 2022-10-07 2022-10-07 Textual
Copyright @ Delhi University Library System